[Event "3rd open CHESSBOMB"]
[Site "Sofia"]
[Date "2016.04.16"]
[Round "1.1"]
[White "Stamenov, Valeri"]
[Black "Petrov, Martin"]
[Result "0-1"]
[WhiteElo "1916"]
[BlackElo "2450"]
[PlyCount "46"]
[EventDate "2016.04.16"]
[EventType "swiss"]
[EventRounds "6"]
[EventCountry "BUL"]

1. e4 c5 2. c3 Nf6 3. e5 Nd5 4. Nf3 d6 5. d4 cxd4 6. cxd4 Nc6 7. Bc4 Nb6 8. Bb5
dxe5 9. Nxe5 Bd7 10. Bxc6 Bxc6 11. Nxc6 bxc6 12. O-O e6 13. Nc3 Be7 14. Bf4 O-O
15. Re1 Bf6 16. Be5 Bxe5 17. dxe5 Qxd1 18. Raxd1 Rfd8 19. b3 Nd5 20. Ne4 Nb4
21. Rd6 Nxa2 22. Rxc6 Nb4 23. f4 Nxc6 0-1

[Event "3rd open CHESSBOMB"]
[Site "Sofia"]
[Date "2016.04.16"]
[Round "1.2"]
[White "Danov, Lyubomir"]
[Black "Petrov, Anton S."]
[Result "1-0"]
[WhiteElo "2326"]
[BlackElo "1899"]
[PlyCount "69"]
[EventDate "2016.04.16"]
[EventType "swiss"]
[EventRounds "6"]
[EventCountry "BUL"]

1. e4 e6 2. d4 d5 3. Nc3 Nf6 4. e5 Nfd7 5. f4 c5 6. Nf3 Nc6 7. Be3 a6 8. Qd2
Qc7 9. Nd1 b5 10. c3 c4 11. Be2 Bb7 12. O-O f6 13. exf6 gxf6 14. f5 exf5 15.
Bf4 Bd6 16. Bxd6 Qxd6 17. Nh4 O-O-O 18. Nxf5 Qe6 19. Bg4 h5 20. Bh3 Qg8 21. Qf4
Rh7 22. Nd6+ Kb8 23. Nf7+ Ka7 24. Nxd8 Nxd8 25. a4 Ne6 26. Bxe6 Qxe6 27. axb5
Nb8 28. bxa6 Nxa6 29. Ne3 h4 30. h3 Rg7 31. Nf5 Rg5 32. Rae1 Qb6 33. Rf2 Bc8
34. Re7+ Ka8 35. Re3 1-0

[Event "3rd open CHESSBOMB"]
[Site "Sofia"]
[Date "2016.04.16"]
[Round "2.2"]
[White "Popov, Georgi"]
[Black "Danov, Lyubomir"]
[Result "0-1"]
[WhiteElo "2088"]
[BlackElo "2326"]
[PlyCount "65"]
[EventDate "2016.04.16"]
[EventType "swiss"]
[EventRounds "6"]
[EventCountry "BUL"]

1. d4 Nf6 2. Nf3 e6 3. Bg5 c5 4. e3 h6 5. Bh4 cxd4 6. exd4 Qb6 7. Qc1 g5 8. Bg3
g4 9. Be5 Be7 10. Nfd2 d5 11. Nc3 Bd7 12. Nb3 Nc6 13. Na4 Qb4+ 14. Nc3 Nxe5 15.
dxe5 Ne4 16. a3 Qb6 17. Nxe4 dxe4 18. Qe3 Qxe3+ 19. fxe3 Rc8 20. c3 Ba4 21. Nd2
Rc5 22. Be2 Rg8 23. Bd1 Bc6 24. Bc2 Rxe5 25. O-O-O f5 26. c4 Bg5 27. Rhe1 f4
28. exf4 Bxf4 29. g3 Bg5 30. Kb1 e3 31. Nb3 e2 32. Rd3 Rf8 33. Rh1 0-1

[Event "3rd open CHESSBOMB"]
[Site "Sofia"]
[Date "2016.04.16"]
[Round "2.3"]
[White "Badev, Kiril"]
[Black "Metev, Martin"]
[Result "1-0"]
[WhiteElo "2320"]
[BlackElo "2055"]
[PlyCount "93"]
[EventDate "2016.04.16"]
[EventType "swiss"]
[EventRounds "6"]
[EventCountry "BUL"]

1. e4 e6 2. d4 d5 3. Nd2 dxe4 4. Nxe4 Nd7 5. Nf3 Ngf6 6. Nxf6+ Nxf6 7. Bd3 Be7
8. Qe2 b6 9. Bg5 Bb7 10. O-O-O Bxf3 11. Qxf3 Qd5 12. Qxd5 Nxd5 13. Bb5+ Kf8 14.
Bd2 Bb4 15. c3 Bd6 16. g3 h6 17. a3 Kg8 18. h4 g6 19. h5 g5 20. c4 Nf6 21. Bc6
Rd8 22. f4 gxf4 23. gxf4 Kf8 24. b4 Ng4 25. Rhf1 Be7 26. f5 Rxd4 27. Bxh6+ Nxh6
28. Rxd4 Nxf5 29. Rd7 Rxh5 30. Rxc7 a5 31. c5 Bg5+ 32. Kb1 Be3 33. cxb6 Bxb6
34. Rb7 Bd8 35. Rd1 Be7 36. bxa5 Ne3 37. Rdd7 Bxa3 38. Rxf7+ Kg8 39. Rg7+ Kh8
40. Rg3 Bc5 41. Be4 Nf5 42. Bxf5 exf5 43. Rd3 Rh1+ 44. Kc2 Rh2+ 45. Rd2 Rxd2+
46. Kxd2 Bb4+ 47. Rxb4 1-0

[Event "3rd open CHESSBOMB"]
[Site "Sofia"]
[Date "2016.04.16"]
[Round "2.5"]
[White "Nikolov, Sasho"]
[Black "Georgiev, Nikolay Zh."]
[Result "1-0"]
[WhiteElo "2346"]
[BlackElo "1516"]
[PlyCount "73"]
[EventDate "2016.04.16"]
[EventType "swiss"]
[EventRounds "6"]
[EventCountry "BUL"]

1. e4 e5 2. Nf3 Nc6 3. Bb5 Nf6 4. d3 Bc5 5. O-O d6 6. c3 O-O 7. Nbd2 Ne7 8. d4
exd4 9. cxd4 Bb6 10. h3 Ng6 11. Re1 Bd7 12. Bf1 a6 13. Nc4 Ba7 14. e5 dxe5 15.
dxe5 Nh5 16. Be3 Bxe3 17. Rxe3 Nhf4 18. Rc1 Be6 19. Qxd8 Rfxd8 20. Na5 b6 21.
Nc6 Rd7 22. a4 a5 23. Nfd4 Bd5 24. g3 Ne6 25. Nxe6 fxe6 26. Bb5 Rf7 27. f4 Ne7
28. Rec3 Nxc6 29. Bxc6 Rc8 30. Bxd5 exd5 31. Rc6 Rd7 32. Kf2 Kf8 33. Ke3 Ke7
34. Kd4 Kd8 35. e6 Rd6 36. Rxd6+ cxd6 37. e7+ 1-0

[Event "3rd open CHESSBOMB"]
[Site "Sofia"]
[Date "2016.04.16"]
[Round "2.6"]
[White "Ivanov, Svetlen"]
[Black "Nikolova, Adriana"]
[Result "0-1"]
[WhiteElo "1533"]
[BlackElo "2354"]
[PlyCount "60"]
[EventDate "2016.04.16"]
[EventType "swiss"]
[EventRounds "6"]
[EventCountry "BUL"]

1. d4 Nf6 2. Nf3 e6 3. c4 Bb4+ 4. Nc3 b6 5. e3 Bb7 6. Bd3 O-O 7. O-O Bxc3 8.
bxc3 d6 9. Re1 Ne4 10. Qc2 f5 11. Nd2 Qh4 12. g3 Qf6 13. f4 Nxd2 14. Bxd2 Nd7
15. e4 fxe4 16. Bxe4 Bxe4 17. Qxe4 e5 18. Qd5+ Kh8 19. dxe5 dxe5 20. Rf1 e4 21.
Qxe4 Nc5 22. Qf3 Rad8 23. Rad1 Rd3 24. Qg2 Rfd8 25. Rf3 R3d6 26. Rff1 Qf5 27.
Qf3 Qd7 28. Rf2 Rd3 29. Qe2 Na4 30. c5 Nxc3 0-1

[Event "3rd open CHESSBOMB"]
[Site "Sofia"]
[Date "2016.04.16"]
[Round "3.1"]
[White "Vasilev, Nikolai"]
[Black "Petrov, Martin"]
[Result "1-0"]
[WhiteElo "2305"]
[BlackElo "2450"]
[PlyCount "110"]
[EventDate "2016.04.16"]
[EventType "swiss"]
[EventRounds "6"]
[EventCountry "BUL"]

1. e4 c5 2. Nf3 d6 3. d4 cxd4 4. Nxd4 Nf6 5. Nc3 a6 6. Bc4 e6 7. Bb3 Nbd7 8.
Bg5 Nc5 9. O-O Be7 10. Qf3 Qc7 11. Rfe1 h6 12. Bd2 b5 13. Qg3 b4 14. Nd5 exd5
15. exd5 Kf8 16. Nc6 Nfe4 17. Qe3 Bg5 18. f4 Bf6 19. Bxb4 Bd7 20. Re2 Re8 21.
Rae1 g6 22. Qf3 Kg7 23. Kf1 Qb6 24. Ba5 Qb7 25. Rxe4 Nxe4 26. Rxe4 Rxe4 27.
Qxe4 Bxc6 28. dxc6 Qb5+ 29. Qc4 Rc8 30. Qxb5 axb5 31. c7 Bxb2 32. Bd5 Kf8 33.
Ke2 Ke7 34. Kd3 Kd7 35. Bxf7 g5 36. f5 Rxc7 37. Be8+ Kc8 38. Bxc7 Kxc7 39. Bxb5
Kb6 40. a4 Be5 41. Kc4 Bxh2 42. Kd5 Kc7 43. Ke6 Kd8 44. f6 Be5 45. f7 Bg7 46.
Kxd6 h5 47. Ke6 g4 48. g3 Bf8 49. Bd3 Kc7 50. Bg6 h4 51. gxh4 g3 52. Be4 Kb6
53. Kd7 Kc5 54. Ke8 Kd4 55. Bb7 Kc4 1-0

[Event "3rd open CHESSBOMB"]
[Site "Sofia"]
[Date "2016.04.16"]
[Round "3.2"]
[White "Danov, Lyubomir"]
[Black "Badev, Kiril"]
[Result "1/2-1/2"]
[WhiteElo "2326"]
[BlackElo "2320"]
[PlyCount "118"]
[EventDate "2016.04.16"]
[EventType "swiss"]
[EventRounds "6"]
[EventCountry "BUL"]

1. e4 c5 2. Nf3 e6 3. d4 cxd4 4. Nxd4 Nf6 5. Nc3 d6 6. g4 Nc6 7. g5 Nd7 8. Be3
Be7 9. Rg1 O-O 10. Qd2 Nxd4 11. Bxd4 a6 12. O-O-O b5 13. a3 Ne5 14. Qe3 Qc7 15.
f4 Nc6 16. Bf6 b4 17. axb4 Nxb4 18. Bxe7 Qxe7 19. Qd4 d5 20. exd5 Nxd5 21. Nxd5
exd5 22. Bg2 Be6 23. Bxd5 Rac8 24. Qe4 Rfe8 25. Bxe6 Qxe6 26. Qxe6 Rxe6 27.
Rge1 Rec6 28. c3 h6 29. Rd4 hxg5 30. fxg5 Kh7 31. Kc2 Kg6 32. h4 R8c7 33. Ree4
Kh5 34. Re8 Kg6 35. Rd5 Kh5 36. Rh8+ Kg4 37. h5 Rc5 38. Rd6 Rxg5 39. Rxa6 f5
40. h6 gxh6 41. Rhxh6 Rf7 42. Rhf6 Rgg7 43. Rxf7 Rxf7 44. Rg6+ Kf3 45. b4 f4
46. Rd6 Ke3 47. Re6+ Kf2 48. b5 f3 49. b6 Kg2 50. c4 f2 51. Re2 Rf6 52. c5 Rc6
53. Kb3 Rxc5 54. Kb4 Re5 55. Rxf2+ Kxf2 56. b7 Re8 57. Kb5 Ke3 58. Kc6 Ke4 59.
Kc7 Kd4 1/2-1/2

[Event "3rd open CHESSBOMB"]
[Site "Sofia"]
[Date "2016.04.16"]
[Round "3.3"]
[White "Metev, Martin"]
[Black "Nikolov, Sasho"]
[Result "0-1"]
[WhiteElo "2055"]
[BlackElo "2346"]
[PlyCount "82"]
[EventDate "2016.04.16"]
[EventType "swiss"]
[EventRounds "6"]
[EventCountry "BUL"]

1. e4 c5 2. Nf3 e6 3. d4 cxd4 4. Nxd4 Nc6 5. Nc3 Qc7 6. Ndb5 Qb8 7. Nd4 Nf6 8.
Nb3 Bb4 9. Bd3 d5 10. exd5 Nxd5 11. Bd2 Nxc3 12. bxc3 Qe5+ 13. Qe2 Bxc3 14.
Qxe5 Bxe5 15. O-O-O b6 16. Rhe1 Bd7 17. Bb5 Bf6 18. Bf4 a6 19. Rxd7 axb5 20.
Rb7 O-O 21. Rxb6 Nb4 22. Rxb5 Nxa2+ 23. Kd2 Bc3+ 24. Ke2 Bxe1 25. Kxe1 Nc3 26.
Rb7 Rfc8 27. Be5 Ne4 28. Nd4 h6 29. f3 Ra1+ 30. Ke2 Nc5 31. Re7 Ra6 32. Nb5 f6
33. Bd4 e5 34. Be3 Ne6 35. Kd3 Kf8 36. Ra7 Rxa7 37. Nxa7 Ra8 38. Nb5 Nf4+ 39.
Ke4 Ra4+ 40. Kf5 g6+ 41. Kxf6 Nd5+ 0-1

[Event "3rd open CHESSBOMB"]
[Site "Sofia"]
[Date "2016.04.16"]
[Round "3.5"]
[White "Stamenov, Valeri"]
[Black "Popov, Georgi"]
[Result "0-1"]
[WhiteElo "1916"]
[BlackElo "2088"]
[PlyCount "70"]
[EventDate "2016.04.16"]
[EventType "swiss"]
[EventRounds "6"]
[EventCountry "BUL"]

1. e4 d6 2. d4 Nf6 3. Nc3 g6 4. Nf3 Bg7 5. h3 O-O 6. Be3 c6 7. a4 Na6 8. Be2
Nb4 9. O-O a5 10. Qc1 d5 11. e5 Ne8 12. Na2 Nxa2 13. Rxa2 Nc7 14. b3 f6 15. Bh6
Bf5 16. Bxg7 Kxg7 17. c3 Qd7 18. Nh2 fxe5 19. g4 Be6 20. dxe5 d4 21. c4 Na6 22.
Rd2 Rad8 23. Bd3 Rf4 24. f3 Rdf8 25. Qd1 Qc7 26. Re2 Nc5 27. Kg2 Qb6 28. Bc2 d3
29. Bxd3 Rd4 30. Qc2 Rxd3 31. f4 Qxb3 32. f5 Qxc2 33. Rxc2 gxf5 34. gxf5 Bxf5
35. Ng4 Be4+ 0-1

[Event "3rd open CHESSBOMB"]
[Site "Sofia"]
[Date "2016.04.17"]
[Round "4.1"]
[White "Badev, Kiril"]
[Black "Vasilev, Nikolai"]
[Result "1/2-1/2"]
[WhiteElo "2320"]
[BlackElo "2305"]
[PlyCount "61"]
[EventDate "2016.04.16"]
[EventType "swiss"]
[EventRounds "6"]
[EventCountry "BUL"]

1. e4 c5 2. Nf3 d6 3. d4 cxd4 4. Nxd4 Nf6 5. Nc3 a6 6. Be2 e5 7. Nf3 Qc7 8. Bg5
Nbd7 9. O-O h6 10. Bh4 Be7 11. a4 b6 12. Nd2 Bb7 13. Nc4 O-O 14. Ne3 Rfe8 15.
Bc4 Rac8 16. Qf3 Qb8 17. Bb3 Rxc3 18. bxc3 Bxe4 19. Qe2 Qb7 20. f3 Bc6 21. Bc4
Nc5 22. Nf5 d5 23. Bxf6 gxf6 24. f4 Bf8 25. Qg4+ Kh7 26. Be2 Ne4 27. Bd3 Bc5+
28. Kh1 Rg8 29. Qh3 Rg6 30. Nh4 Bd7 31. f5 1/2-1/2

[Event "3rd open CHESSBOMB"]
[Site "Sofia"]
[Date "2016.04.17"]
[Round "4.2"]
[White "Petrov, Martin"]
[Black "Danov, Lyubomir"]
[Result "1/2-1/2"]
[WhiteElo "2450"]
[BlackElo "2326"]
[PlyCount "151"]
[EventDate "2016.04.16"]
[EventType "swiss"]
[EventRounds "6"]
[EventCountry "BUL"]

1. e4 e6 2. d4 d5 3. Nd2 Nf6 4. e5 Nfd7 5. Bd3 c5 6. c3 Nc6 7. Ne2 cxd4 8. cxd4
f6 9. exf6 Nxf6 10. O-O Bd6 11. Nf3 O-O 12. Bf4 Bxf4 13. Nxf4 Ne4 14. Nh5 g6
15. Ng3 Nxg3 16. hxg3 Qb6 17. Qb1 Rf6 18. g4 Nxd4 19. Ne5 Qc7 20. g5 Rf4 21.
Re1 Nc6 22. Qc1 Rd4 23. Qc2 Qe7 24. Nxc6 bxc6 25. Qxc6 Rb8 26. Ba6 Bxa6 27.
Qxa6 e5 28. Rac1 Rd2 29. Rc6 Qxg5 30. Rf6 Re8 31. Qc6 Kg7 32. Rf3 Qe7 33. Qc3
Rd4 34. Rfe3 Qf6 35. Rf3 Rf4 36. Rxf4 Qxf4 37. g3 Qf6 38. Qc5 Qf7 39. Qd6 Qe6
40. Qc5 Re7 41. Rc1 d4 42. f4 d3 43. Qxe5+ Qxe5 44. fxe5 Rxe5 45. Rd1 Re3 46.
Kf2 Re2+ 47. Kf3 Rxb2 48. Rxd3 Rxa2 49. Rd7+ Kh6 50. Kg4 a5 51. Ra7 a4 52. Kh3
Ra1 53. Kg2 g5 54. g4 Kg6 55. Ra6+ Kg7 56. Ra7+ Kf6 57. Rxh7 Ra2+ 58. Kf3 Ra3+
59. Ke4 Ra1 60. Rh6+ Kg7 61. Ra6 Rf1 62. Ke5 Rf4 63. Ra7+ Kg6 64. Ra6+ Kf7 65.
Ra7+ Kf8 66. Ke6 Rxg4 67. Kf5 Rb4 68. Kxg5 Ke8 69. Kf5 Kd8 70. Ke5 Kc8 71. Kd5
Kb8 72. Ra5 Rh4 73. Kc6 Rh6+ 74. Kb5 Rh5+ 75. Kxa4 Rxa5+ 76. Kxa5 1/2-1/2

[Event "3rd open CHESSBOMB"]
[Site "Sofia"]
[Date "2016.04.17"]
[Round "4.5"]
[White "Todorov, Tsetsko"]
[Black "Kosturkov, Krasimir"]
[Result "1-0"]
[WhiteElo "1949"]
[BlackElo "1624"]
[PlyCount "163"]
[EventDate "2016.04.16"]
[EventType "swiss"]
[EventRounds "6"]
[EventCountry "BUL"]

1. d4 Nf6 2. c4 e6 3. Nf3 c5 4. e3 cxd4 5. exd4 d5 6. Nc3 dxc4 7. Bxc4 a6 8.
O-O b5 9. Bb3 Bb7 10. Qe2 Be7 11. Bg5 O-O 12. Rad1 b4 13. Na4 Bd5 14. Ne5 Bxb3
15. axb3 Nd5 16. Bxe7 Nxe7 17. Nc5 Nbc6 18. Nxa6 Nxd4 19. Qe4 Rxa6 20. Rxd4 Nd5
21. Nd3 Qf6 22. Nxb4 Nxb4 23. Rxb4 Qxb2 24. g3 Ra2 25. Rb7 g6 26. h4 Qd2 27. h5
gxh5 28. Rb5 Ra5 29. Rb4 Qd5 30. Qe2 Rfa8 31. Qb2 Ra2 32. Qf6 Re2 33. Rf4 Rf8
34. b4 Qe5 35. Qh6 Rb8 36. Kh2 Rb5 37. Rd1 Qg5 38. Qxg5+ Rxg5 39. Rd8+ Kg7 40.
Rd7 Rf5 41. Rxf5 exf5 42. Kg2 Rb2 43. Rd4 Kf6 44. Rf4 Rb3 45. Kf1 Ke5 46. Ke2
Kd6 47. Kd2 Rb2+ 48. Kc3 Rb1 49. Rxf5 Rc1+ 50. Kd4 Ke6 51. Rf4 Rc2 52. Kd3 Rc1
53. Kd2 Rc8 54. b5 Rc5 55. Rb4 Kd7 56. b6 Kc8 57. b7+ Kb8 58. Kd3 Rc7 59. Ke3
Rc2 60. Rf4 Rc7 61. Rb4 Rc2 62. Kf3 Rc5 63. Rb2 Rc4 64. Kg2 h4 65. gxh4 Rxh4
66. Kg3 Rc4 67. f4 f5 68. Rb5 Rc7 69. Kh4 Rf7 70. Kg5 Rxb7 71. Rxf5 Rd7 72. Kf6
Kc8 73. Ke6 Rg7 74. Rd5 Rg6+ 75. Kf7 Rg4 76. f5 h5 77. f6 h4 78. Ke6 Re4+ 79.
Kf5 Re1 80. f7 Rf1+ 81. Kg6 h3 82. Rf5 1-0

[Event "3rd open CHESSBOMB"]
[Site "Sofia"]
[Date "2016.04.17"]
[Round "4.6"]
[White "Ivanov, Svetlen"]
[Black "Metev, Martin"]
[Result "0-1"]
[WhiteElo "1533"]
[BlackElo "2055"]
[PlyCount "78"]
[EventDate "2016.04.16"]
[EventType "swiss"]
[EventRounds "6"]
[EventCountry "BUL"]

1. d4 e6 2. Nf3 d5 3. c4 c6 4. Nc3 Nf6 5. Bg5 h6 6. Bh4 dxc4 7. a4 Bb4 8. e3 g5
9. Bg3 Nd5 10. Qc2 Qa5 11. Rc1 b5 12. Be5 O-O 13. h4 g4 14. Nh2 h5 15. e4 Nxc3
16. bxc3 Ba3 17. Ra1 Be7 18. Qd2 Nd7 19. Bf4 Bb7 20. f3 f5 21. Bg5 Rf7 22. Rc1
Ba3 23. Rb1 g3 24. Bh6 Be7 25. Bxc4 gxh2 26. Bxe6 Bxh4+ 27. Ke2 Re8 28. Bxf7+
Kxf7 29. Qf4 Bf6 30. Qxf5 Ke7 31. Bg5 Ba6 32. Bxf6+ Nxf6 33. e5 Nd5 34. Qh7+
Kd8 35. Kf2 Qxc3 36. Qh6 Qxd4+ 37. Kg3 Qxe5+ 38. Kh3 Bc8+ 39. g4 hxg4+ 0-1

[Event "3rd open CHESSBOMB"]
[Site "Sofia"]
[Date "2016.04.17"]
[Round "5.1"]
[White "Vasilev, Nikolai"]
[Black "Danov, Lyubomir"]
[Result "0-1"]
[WhiteElo "2305"]
[BlackElo "2326"]
[PlyCount "38"]
[EventDate "2016.04.16"]
[EventType "swiss"]
[EventRounds "6"]
[EventCountry "BUL"]

1. e4 e6 2. d4 d5 3. Nc3 Nf6 4. e5 Nfd7 5. f4 c5 6. Nf3 Nc6 7. Be3 a6 8. Qd2
Be7 9. O-O-O c4 10. f5 b5 11. g4 Qa5 12. Kb1 b4 13. Ne2 c3 14. Qd3 cxb2 15.
Kxb2 Nb6 16. Nd2 Na4+ 17. Ka1 Qc7 18. Qb3 Na5 19. Qb1 Nc3 0-1

[Event "3rd open CHESSBOMB"]
[Site "Sofia"]
[Date "2016.04.17"]
[Round "5.2"]
[White "Nikolova, Adriana"]
[Black "Nikolov, Sasho"]
[Result "1-0"]
[WhiteElo "2354"]
[BlackElo "2346"]
[PlyCount "61"]
[EventDate "2016.04.16"]
[EventType "swiss"]
[EventRounds "6"]
[EventCountry "BUL"]

1. e4 c5 2. c3 Nf6 3. e5 Nd5 4. d4 cxd4 5. Nf3 e6 6. cxd4 d6 7. Bc4 Nc6 8. O-O
Be7 9. Qe2 O-O 10. Nc3 Nxc3 11. bxc3 dxe5 12. dxe5 Qa5 13. Bd2 Rd8 14. Bb3 Bd7
15. Rfe1 Be8 16. h4 Bf8 17. Bc2 g6 18. h5 Bg7 19. hxg6 hxg6 20. Bg5 Rd7 21. Qe3
Ne7 22. c4 Rc8 23. Bb3 Nf5 24. Qf4 Qc5 25. Ba4 Rdc7 26. Bxe8 Rxe8 27. g4 Ne7
28. Re4 Rd7 29. Kg2 Nc6 30. Rh1 Nb4 31. Qh2 1-0

[Event "3rd open CHESSBOMB"]
[Site "Sofia"]
[Date "2016.04.17"]
[Round "5.3"]
[White "Petrov, Martin"]
[Black "Badev, Kiril"]
[Result "1-0"]
[WhiteElo "2450"]
[BlackElo "2320"]
[PlyCount "89"]
[EventDate "2016.04.16"]
[EventType "swiss"]
[EventRounds "6"]
[EventCountry "BUL"]

1. e4 e6 2. d4 d5 3. Nd2 Nf6 4. e5 Nfd7 5. Bd3 c5 6. c3 Nc6 7. Ne2 cxd4 8. cxd4
f6 9. exf6 Qxf6 10. Nf3 Bd6 11. O-O O-O 12. Bg5 Qf7 13. Bh4 g6 14. Nc3 Nf6 15.
Bg3 Bxg3 16. hxg3 Bd7 17. Qd2 Qg7 18. Rae1 Kh8 19. Bb5 Nd8 20. Bxd7 Nxd7 21.
Re2 Rc8 22. Rfe1 h6 23. Qd3 Kh7 24. Re3 Nb8 25. Ne2 Nbc6 26. a3 Rf6 27. Nf4 Qf7
28. Nh5 Rf5 29. g4 Rf4 30. Nxf4 Qxf4 31. g5 hxg5 32. g3 Qf6 33. Kg2 Kg7 34. Qd2
g4 35. Ne5 Nxe5 36. dxe5 Qf5 37. Qd3 Qf7 38. Rh1 Nc6 39. Rh4 Rf8 40. Qd2 Qf5
41. Rb3 Qe4+ 42. Kh2 Nxe5 43. Qh6+ Kf7 44. Rxb7+ Ke8 45. Qxf8+ 1-0

[Event "3rd open CHESSBOMB"]
[Site "Sofia"]
[Date "2016.04.17"]
[Round "5.6"]
[White "Stamenov, Valeri"]
[Black "Petrov, Anton S."]
[Result "1-0"]
[WhiteElo "1916"]
[BlackElo "1899"]
[PlyCount "81"]
[EventDate "2016.04.16"]
[EventType "swiss"]
[EventRounds "6"]
[EventCountry "BUL"]

1. e4 e6 2. d4 d5 3. exd5 exd5 4. c4 c6 5. Nc3 Nf6 6. Bd3 h6 7. Nge2 Bd6 8. h3
O-O 9. O-O Nbd7 10. c5 Bc7 11. Bf4 b6 12. b4 a5 13. a3 Ba6 14. Bxa6 Rxa6 15.
Qd3 b5 16. Qf3 Bxf4 17. Qxf4 Qa8 18. Rab1 axb4 19. axb4 Re8 20. Ng3 Ra3 21.
Rfc1 Qb8 22. Qd2 Qc7 23. Qb2 Rea8 24. Ra1 Qa7 25. Rab1 Qc7 26. Qd2 Nf8 27. Nf5
Ne6 28. Nd6 Ne8 29. Ndxb5 cxb5 30. Nxb5 Qb8 31. Nxa3 Rxa3 32. b5 Nf6 33. b6 Ne4
34. Qb2 Rd3 35. c6 Rd2 36. Rc2 Rxc2 37. Qxc2 Nxd4 38. c7 Qf8 39. c8=Q Nxc2 40.
Qxf8+ Kxf8 41. b7 1-0

[Event "3rd open CHESSBOMB"]
[Site "Sofia"]
[Date "2016.04.17"]
[Round "6.1"]
[White "Danov, Lyubomir"]
[Black "Nikolova, Adriana"]
[Result "1-0"]
[WhiteElo "2326"]
[BlackElo "2354"]
[PlyCount "151"]
[EventDate "2016.04.16"]
[EventType "swiss"]
[EventRounds "6"]
[EventCountry "BUL"]

1. e4 d5 2. exd5 Qxd5 3. Nc3 Qd8 4. d4 Nf6 5. Nf3 a6 6. Bg5 e6 7. Bd3 Be7 8.
Qe2 Nc6 9. O-O-O Nb4 10. Ne5 Nfd5 11. Bxe7 Qxe7 12. Nxd5 exd5 13. a3 Nxd3+ 14.
Rxd3 O-O 15. Re3 Qd6 16. Qf3 c5 17. dxc5 Qxc5 18. Rd1 Be6 19. Qf4 Rac8 20. Rd2
Qb5 21. Red3 f6 22. Nf3 Bf7 23. Qb4 Qd7 24. Re3 Rfe8 25. Rde2 Rxe3 26. Rxe3 Qf5
27. Qd2 Bg6 28. Nd4 Qd7 29. Qe2 Qa4 30. Qd2 Rc4 31. c3 Rc8 32. Re7 Qc4 33. Qe2
Qxe2 34. Nxe2 Re8 35. Rxe8+ Bxe8 36. Kd2 Kf7 37. Ke3 Ke7 38. Kd4 Kd6 39. Ng3 g6
40. Nf1 Bf7 41. Ne3 Be6 42. g4 b6 43. f4 Bf7 44. g5 f5 45. h4 a5 46. b4 Be6 47.
Nf1 Bd7 48. Nd2 Bb5 49. bxa5 bxa5 50. Nb3 a4 51. Nc5 Bc6 52. Nd3 Bb5 53. Ne5
Be2 54. Nf7+ Ke7 55. Ne5 Kd6 56. Ke3 Bf1 57. Kd4 Be2 58. Nf7+ Ke7 59. Nh6 Kf8
60. Kxd5 Bf3+ 61. Kd4 Bd1 62. Ke5 Bb3 63. h5 Kg7 64. hxg6 hxg6 65. Kd4 Kf8 66.
c4 Ba2 67. c5 Ke7 68. Ke5 Bb3 69. c6 Ba2 70. c7 Kd7 71. Kf6 Kxc7 72. Kxg6 Kc6
73. Kf6 Kd5 74. g6 Ke4 75. g7 Kxf4 76. Nf7 1-0

[Event "3rd open CHESSBOMB"]
[Site "Sofia"]
[Date "2016.04.17"]
[Round "6.2"]
[White "Nikolov, Sasho"]
[Black "Petrov, Martin"]
[Result "0-1"]
[WhiteElo "2346"]
[BlackElo "2450"]
[PlyCount "60"]
[EventDate "2016.04.16"]
[EventType "swiss"]
[EventRounds "6"]
[EventCountry "BUL"]

1. d4 Nf6 2. c4 e6 3. Nc3 Bb4 4. e3 O-O 5. Bd3 d5 6. Nf3 c5 7. O-O Nc6 8. a3
Bxc3 9. bxc3 dxc4 10. Bxc4 Qc7 11. h3 b6 12. a4 Rd8 13. Qe2 h6 14. Ba3 e5 15.
dxc5 bxc5 16. e4 Na5 17. Ba2 Bb7 18. Nd2 Qc6 19. Rfe1 Ba6 20. c4 Rac8 21. Bb2
Qd6 22. Nf3 Nc6 23. Nh4 Nd4 24. Qd3 Nh5 25. Rad1 Qf6 26. Nf3 Nf4 27. Qe3 Nxh3+
28. Kf1 Nf4 29. g3 Qe6 30. Ng1 Bxc4+ 0-1

[Event "3rd open CHESSBOMB"]
[Site "Sofia"]
[Date "2016.04.17"]
[Round "6.6"]
[White "Todorov, Tsetsko"]
[Black "Metev, Martin"]
[Result "1-0"]
[WhiteElo "1949"]
[BlackElo "2055"]
[PlyCount "61"]
[EventDate "2016.04.16"]
[EventType "swiss"]
[EventRounds "6"]
[EventCountry "BUL"]

1. d4 e6 2. c4 d5 3. Nc3 c6 4. e3 Nd7 5. Nf3 Ngf6 6. Bd3 dxc4 7. Bxc4 b5 8. Bd3
a6 9. O-O c5 10. Qe2 Bb7 11. Rd1 Qb6 12. b3 Be7 13. Bb2 O-O 14. Ne5 Rfd8 15.
Rac1 Rac8 16. Bb1 cxd4 17. exd4 Qa5 18. Rd3 b4 19. Nc4 Rxc4 20. bxc4 bxc3 21.
Rdxc3 Nf8 22. Rb3 Ba8 23. d5 Re8 24. Rg3 Bd6 25. Bxf6 Bxg3 26. Bc3 Qa3 27. Bb2
exd5 28. Bxh7+ Kh8 29. Qh5 Bxf2+ 30. Kf1 Qxb2 31. Bg6+ 1-0